书目信息 |
| 题名: |
速通催眠术100问
|
|
| 作者: | 梁素娟 编 | |
| 分册: | ||
| 出版信息: | 北京 中国言实出版社 2008.03 |
|
| 页数: | 145页 | |
| 开本: | ||
| 丛书名: | ||
| 单 册: | ||
| 中图分类: | R749.057-44 | |
| 科图分类: | ||
| 主题词: | 精神病学 | |
| 电子资源: | ||
| ISBN: | 978-7-80250-018-1 | |
| 000 | 00628nam0 2200193 45 | |
| 005 | 20081010163248.71 | |
| 010 | @a978-7-80250-018-1@dCNY21.00 | |
| 092 | @bLR | |
| 102 | @aCN@b110000 | |
| 200 | 1 | @a速通催眠术100问@Asu tong cui mian shu 100 wen@e600题让你精通心理学(共6册)@f梁素娟等编@Fliang su juan deng bian |
| 210 | @a北京@c中国言实出版社@d2008.03 | |
| 215 | @a145页 | |
| 517 | 1 | @a600题让你精通心理学(共6册)@A600 ti rang ni jing tong xin li xue(gong 6 ce) |
| 606 | 0 | @a精神病学 |
| 690 | @aR749.057-44@v4 | |
| 701 | 0 | @a梁素娟@Aliang su juan@4编 |
| 801 | 0 | @c20081010 |
| 905 | @dR749.057-44@eL410@f3 | |
| 906 | @cLR@dCNY126.00@n0@r1 | |
| 速通催眠术100问:600题让你精通心理学(共6册)/梁素娟等编.-北京:中国言实出版社,2008.03 |
| 145页 |
| ISBN 978-7-80250-018-1:CNY21.00 |
| ● |
| 相关链接 |
|
|
|
正题名:速通催眠术100问
索取号:R749.057-44/L410
 
预约/预借
| 序号 | 登录号 | 条形码 | 馆藏地/架位号 | 状态 | 备注 |
| 1 | 840970 | 208409701 | 自科库401/401自科库 21排1列4层/ [索取号:R749.057-44/L410] | 在馆 | |
| 2 | 840971 | 208409710 | 自科库401/401自科库 21排1列5层/ [索取号:R749.057-44/L410] | 在馆 | |
| 3 | 841743 | 208417435 | 自科库401/401自科库 21排1列5层/ [索取号:R749.057-44/L410] | 在馆 |